=LDR 00000nam 2200000 4500 =001 INLIS000000000022346 =005 20130612121119 =008 ***********************************ind** =035 ##$$0010-061300000022346 =041 ##$$a ind =082 ##$$a 500 =090 ##$$a 500, Isk b =100 ##$$a Iskandar, Rani Y =245 ##$$a Berpetualang ke Negeri Atmos, Rani Y. Iskandar =250 ##$$a Seri Tahu Banyak Tahu =260 ##$$a 2004 $b Bandung =300 ##$$a 28 hlm., ilus., 19 cm =650 ##$$a Sains =700 ##$$a Ramadhan, Dadan =850 ##$$a NBPNMAT